Diversity and Evolution of Animal Venoms: Neglected Targets, Ecological Interactions, Future Perspectives (Record no. 19464)
[ view plain ]
| 000 -LEADER | |
|---|---|
| fixed length control field | 00670nam a2200133Ia 4500 |
| 008 - FIXED-LENGTH DATA ELEMENTS--GENERAL INFORMATION | |
| fixed length control field | 220616s9999||||xx |||||||||||||| ||und|| |
| 020 ## - INTERNATIONAL STANDARD BOOK NUMBER | |
| International Standard Book Number | 9782890000000 |
| 245 #0 - TITLE STATEMENT | |
| Title | Diversity and Evolution of Animal Venoms: Neglected Targets, Ecological Interactions, Future Perspectives |
| 546 ## - LANGUAGE NOTE | |
| Language note | English[eng] |
| 650 ## - SUBJECT ADDED ENTRY--TOPICAL TERM | |
| Topical term or geographic name entry element | venom||evolutionary ecology||biodiversity||comparative genomics||toxins||biotechnology |
| 700 ## - ADDED ENTRY--PERSONAL NAME | |
| Personal name | Dutertre, Sebastien||Vittoria Modica, Maria||Holford, Mande||Sunagar, Kartik |
| 856 ## - ELECTRONIC LOCATION AND ACCESS | |
| Uniform Resource Identifier | <a href="https://www.frontiersin.org/research-topics/8579/diversity-and-evolution-of-animal-venoms-neglected-targets-ecological-interactions-future-perspectiv">https://www.frontiersin.org/research-topics/8579/diversity-and-evolution-of-animal-venoms-neglected-targets-ecological-interactions-future-perspectiv</a> |
| 942 ## - ADDED ENTRY ELEMENTS (KOHA) | |
| Koha item type | E-Books |
| Withdrawn status | Lost status | Damaged status | Not for loan | Home library | Current library | Date acquired | Total Checkouts | Date last seen | Price effective from | Koha item type |
|---|---|---|---|---|---|---|---|---|---|---|
| Kerala University of Digital Sciences, Innovation and Technology Knowledge Centre | Kerala University of Digital Sciences, Innovation and Technology Knowledge Centre | 16/06/2022 | 16/06/2022 | 16/06/2022 | E-Books |